مكتبة جامعة عجلون الوطنية

فهرس بحث المكتبة

قضايا في الرواية الأردنية ودراسات في خطاب الأستاذ الدكتور نبيل حداد في نقد الرواية (Record no. 25273)

MARC details
000 -LEADER
fixed length control field 00947nam a2200217Ii 4500
003 - CONTROL NUMBER IDENTIFIER
control field JO-AjNU
008 - FIXED-LENGTH DATA ELEMENTS--GENERAL INFORMATION
fixed length control field 230605s9999||||xx |||||||||||||| ||und||
020 ## - INTERNATIONAL STANDARD BOOK NUMBER
International Standard Book Number 978-614-419-078-4
040 ## - CATALOGING SOURCE
Original cataloging agency JO-AjNU
Language of cataloging ara
Description conventions rda
Transcribing agency JO-AjNU
041 ## - LANGUAGE CODE
Language code of text/sound track or separate title ara
050 14 - LIBRARY OF CONGRESS CALL NUMBER
Classification number PJ8062 2012
100 3# - MAIN ENTRY--PERSONAL NAME
Personal name إعداد وتقديم ومشاركة الشمالي، نضال ؛ وآخرون ,
Relator term author
9 (RLIN) 49420
245 00 - TITLE STATEMENT
Title قضايا في الرواية الأردنية ودراسات في خطاب الأستاذ الدكتور نبيل حداد في نقد الرواية
250 ## - EDITION STATEMENT
Edition statement ط1
264 31 - PRODUCTION, PUBLICATION, DISTRIBUTION, MANUFACTURE, AND COPYRIGHT NOTICE
Place of production, publication, distribution, manufacture بيروت: المؤسسة العربية للدراسات والنشر، 2012 ؛ عمان: دار الفارس للنشر، 2012
300 ## - PHYSICAL DESCRIPTION
Extent 242ص
336 ## - CONTENT TYPE
Content type term text
Content type code txt
Source rdacontent
337 ## - MEDIA TYPE
Media type term unmediated
Media type code n
Source rdamedia
338 ## - CARRIER TYPE
Carrier type term volume
Carrier type code nc
Source rdacarrier
650 #4 - SUBJECT ADDED ENTRY--TOPICAL TERM
Topical term or geographic name entry element الأدب العربي - روايات - تاريخ ونقد - الأردن
9 (RLIN) 49421
Holdings
Withdrawn status Lost status Source of classification or shelving scheme Damaged status Not for loan Home library Current library Shelving location Date acquired Total Checkouts Full call number Barcode Date last seen Price effective from Koha item type
    Library of Congress Classification     مكتبة جامعة عجلون الوطنية مكتبة جامعة عجلون الوطنية المجموعات العامة 06/06/2023   PJ8062 2012 A21705 06/06/2023 06/06/2023 Books